000 00299 a2200097 4500
020 _a9789347624285
100 _aAbhijith Prakash
245 _aVeendum thalirkkunna chillakal(വീണ്ടും തളിർക്കുന്ന ചില്ലകൾ)
260 _bStory slate
_c2025
942 _cOO
999 _c115937
_d115936